[Event "Moscow Open A 2016"]
[Site "Moscow RUS"]
[Date "2016.01.30"]
[Round "1.39"]
[White "Triapishko, Olexandr"]
[Black "Konaplev, Anton"]
[Result "1/2-1/2"]
[WhiteElo "2471"]
[BlackElo "2272"]
[WhiteFideId "14122286"]
[BlackFideId "24165646"]
[EventDate "2016.01.30"]

1. d4 Nf6 2. Nc3 d5 3. Bf4 a6 4. e3 e6 5. Nf3 c5 6. dxc5 Bxc5 7. Bd3 Nc6 8. O-O
Bd6 9. Bxd6 Qxd6 10. Re1 Bd7 11. Qe2 e5 12. e4 d4 13. Nd5 O-O 14. c4 Bg4 15. h3
Bh5 16. a3 Rae8 17. Rac1 Nxd5 18. cxd5 Bxf3 19. Qxf3 Ne7 20. Rc2 Rc8 21. Rec1
Rxc2 22. Rxc2 Rc8 23. Qd1 Qd7 24. Qd2 Rxc2 25. Qxc2 Nc8 26. Qc5 Nd6 27. b4 Kf8
28. a4 Ke7 29. f4 f6 30. fxe5 fxe5 31. a5 Qc8 32. Kf2 Qf8+ 33. Ke1 Qc8 34. Ke2
Kd7 35. Kd1 Ke7 36. Kc2 Kd7 37. Kb3 Qc7 38. h4 Qc8 39. Ka3 Qc7 40. Kb3 Qc8 41.
Bc2 Qf8 42. b5 1/2-1/2

[Event "Moscow Open A 2016"]
[Site "Moscow RUS"]
[Date "2016.01.30"]
[Round "1.40"]
[White "Amerzianov, Timur"]
[Black "Iljiushenok, Ilia"]
[Result "0-1"]
[BlackTitle "IM"]
[WhiteElo "2269"]
[BlackElo "2470"]
[WhiteFideId "24136182"]
[BlackFideId "24105074"]
[EventDate "2016.01.30"]

1. e4 e5 2. Nf3 Nc6 3. Bb5 f5 4. d3 fxe4 5. dxe4 Nf6 6. Qe2 Bc5 7. Be3 Bxe3 8.
Qxe3 d6 9. Nc3 O-O 10. h3 a6 11. Bc4+ Kh8 12. O-O-O Qe8 13. Kb1 Bd7 14. Rhe1 Ne7
15. Bf1 Be6 16. g3 b5 17. Bg2 Bg8 18. Nh4 b4 19. Nd5 Nexd5 20. exd5 Qb5 21. Qd2
Rae8 22. Nf5 a5 23. g4 a4 24. Re3 e4 25. Qd4 Re5 26. Bxe4 Nxe4 27. f4 Rexf5 28.
gxf5 Nc3+ 0-1

[Event "Moscow Open A 2016"]
[Site "Moscow RUS"]
[Date "2016.01.30"]
[Round "1.41"]
[White "Mokshanov, Alexey"]
[Black "Yogesh, Gautam"]
[Result "0-1"]
[WhiteTitle "IM"]
[WhiteElo "2470"]
[BlackElo "2269"]
[WhiteFideId "24121657"]
[BlackFideId "5009324"]
[EventDate "2016.01.30"]

1. e4 e6 2. d4 d5 3. e5 c5 4. c3 Qb6 5. Nf3 Nc6 6. a3 Nh6 7. b4 cxd4 8. cxd4 Nf5
9. Bb2 Bd7 10. Be2 Rc8 11. O-O Be7 12. Qd2 h5 13. Rd1 g5 14. Bc3 a6 15. Ne1 g4
16. Nc2 Rg8 17. a4 Bh4 18. b5 Nxe5 19. a5 Nf3+ 20. gxf3 Qd6 21. Kh1 Bxf2 22. Bb4
Ng3+ 23. Kg2 gxf3+ 24. Kxf3 Qc7 25. b6 Qd8 26. hxg3 Bxg3 27. Qh6 Rxc2 28. Nc3
Qh4 29. Ke3 Rxc3+ 30. Bxc3 Qe4+ 31. Kd2 Bf4+ 32. Qxf4 Qxf4+ 33. Kc2 Rg2 34. Rd2
Qe4+ 35. Bd3 Rxd2+ 36. Bxd2 Qxd4 0-1

[Event "Moscow Open A 2016"]
[Site "Moscow RUS"]
[Date "2016.01.30"]
[Round "1.42"]
[White "Miroshnichenko, Pavel"]
[Black "Golubov, Saveliy"]
[Result "0-1"]
[BlackTitle "IM"]
[WhiteElo "2263"]
[BlackElo "2469"]
[WhiteFideId "4188659"]
[BlackFideId "24176729"]
[EventDate "2016.01.30"]

1. e4 c5 2. Nf3 e6 3. d4 cxd4 4. Nxd4 a6 5. Bd3 Bc5 6. Nb3 Be7 7. Qg4 g6 8. Qe2
d6 9. O-O Qc7 10. a4 b6 11. Nc3 Bb7 12. f4 Nf6 13. e5 Nfd7 14. exd6 Bxd6 15. a5
b5 16. Kh1 O-O 17. Ne4 Be7 18. Ng5 Nf6 19. Nd4 Bd5 20. f5 exf5 21. Bxf5 Nc6 22.
Nxc6 Qxc6 23. Bd3 Rfe8 24. Bf4 Nh5 25. Qg4 Nxf4 26. Rxf4 h5 27. Qg3 Bd6 28. Raf1
Bxf4 29. Qxf4 Bxg2+ 30. Kg1 Bd5 31. Nxf7 Qc5+ 32. Rf2 Re1+ 33. Bf1 Rxf1+ 34.
Kxf1 Qc4+ 0-1

[Event "Moscow Open A 2016"]
[Site "Moscow RUS"]
[Date "2016.01.30"]
[Round "1.44"]
[White "Zakhartsov, Vladimir"]
[Black "Ovchinnikov, Vsevolod"]
[Result "1/2-1/2"]
[WhiteTitle "IM"]
[BlackTitle "FM"]
[WhiteElo "2462"]
[BlackElo "2248"]
[WhiteFideId "4145097"]
[BlackFideId "24176842"]
[EventDate "2016.01.30"]

1. e4 e6 2. d4 d5 3. Nc3 Bb4 4. e5 c5 5. a3 Bxc3+ 6. bxc3 Qc7 7. Qg4 f5 8. Qg3
Nc6 9. Nf3 cxd4 10. cxd4 Nge7 11. Bd2 O-O 12. Bd3 Bd7 13. h4 f4 14. Bxf4 Nxd4
15. Nxd4 Qc3+ 16. Ke2 Qxd4 17. Be3 Qc3 18. Bg5 Nf5 19. Bxf5 Qxg3 20. Bxe6+ Bxe6
21. fxg3 Rac8 22. Rac1 Bg4+ 23. Ke3 Rc4 24. Rhe1 Rfc8 25. Kd2 Rd4+ 26. Ke3 Rdc4
27. Kd2 Rd4+ 28. Ke3 Rdc4 29. Kd2 Rd4+ 30. Ke3 Rdc4 1/2-1/2

[Event "Moscow Open A 2016"]
[Site "Moscow RUS"]
[Date "2016.01.30"]
[Round "1.45"]
[White "Makhmutov, Rail"]
[Black "Tekeyev, Zaur"]
[Result "0-1"]
[WhiteTitle "FM"]
[BlackTitle "FM"]
[WhiteElo "2459"]
[BlackElo "2347"]
[WhiteFideId "4122151"]
[BlackFideId "4199731"]
[EventDate "2016.01.30"]

1. d4 Nf6 2. c4 g6 3. Nc3 Bg7 4. e4 O-O 5. Be2 d6 6. Bg5 Na6 7. f4 c6 8. Qd2 Nc7
9. Bh4 b5 10. cxb5 cxb5 11. Bf3 b4 12. Nd1 a5 13. Ne3 Bb7 14. d5 Nd7 15. Ne2 Nc5
16. Rc1 Ba6 17. Nc4 Rc8 18. Nd4 Bxd4 19. Qxd4 Nb5 20. Qe3 Nc3 21. bxc3 Bxc4 22.
Rc2 b3 23. axb3 Bxb3 24. Rd2 Na4 25. c4 Bxc4 26. e5 f6 27. Rc2 Qb6 28. Qxb6 Nxb6
29. Bf2 Bb3 30. Rxc8 Rxc8 31. O-O Nc4 32. exf6 exf6 33. Ra1 a4 34. Bd4 Kf7 35.
Rc1 Nb6 36. Rc6 Rxc6 37. dxc6 Na8 38. g4 a3 39. f5 gxf5 40. gxf5 Nc7 41. Kf2 Bc2
42. Ke3 Bxf5 43. Kd2 Nb5 44. Ba1 Be6 45. Be2 Nc7 46. Bd1 Bd5 47. Ba4 f5 48. Ke3
Ne6 49. h4 f4+ 50. Kf2 Ke7 51. Bc3 Kd8 52. Bb5 Nc5 53. Ke2 a2 54. h5 h6 55. Ba5+
Kc8 56. Bc3 Nb3 0-1

[Event "Moscow Open A 2016"]
[Site "Moscow RUS"]
[Date "2016.01.30"]
[Round "1.46"]
[White "Fomin, Andrey"]
[Black "Andreev, Eduard UKR"]
[Result "0-1"]
[BlackTitle "GM"]
[WhiteElo "2241"]
[BlackElo "2458"]
[WhiteFideId "4162447"]
[BlackFideId "14103400"]
[EventDate "2016.01.30"]

1. e4 c5 2. c3 d5 3. exd5 Qxd5 4. d4 Nf6 5. Nf3 Nc6 6. dxc5 Qxd1+ 7. Kxd1 e5 8.
b4 Bf5 9. Be3 Nd5 10. Bc4 O-O-O 11. Kc1 f6 12. Kb2 Be7 13. Nbd2 Rd7 14. Nb3 Rhd8
15. a4 g5 16. Rhe1 Bg6 17. b5 Nb8 18. a5 Bf7 19. a6 bxa6 20. c6 Rc7 21. Bxa7
axb5 22. Bxb8 Kxb8 23. Bxb5 Ra7 24. Nfd2 Nc7 25. Bc4 Be8 26. Ne4 Rxa1 27. Rxa1
Bxc6 28. f3 f5 29. Ng3 f4 30. Nf5 Bf6 31. Re1 Nd5 32. Nc5 Nb6 33. Bd3 Na4+ 34.
Nxa4 Rxd3 35. Kc2 Rd5 36. Rb1+ Kc7 37. Rb4 g4 38. Rc4 Ra5 39. Kb3 gxf3 40. gxf3
h5 41. h4 Rxa4 42. Rxa4 Bxa4+ 43. Kxa4 Kd7 44. Kb5 Ke6 45. Nh6 Bg7 46. Ng8 e4 0-1

[Event "Moscow Open A 2016"]
[Site "Moscow RUS"]
[Date "2016.01.30"]
[Round "1.47"]
[White "Ulko, Jaroslav"]
[Black "Linker, Mikhail"]
[Result "1-0"]
[WhiteTitle "IM"]
[WhiteElo "2456"]
[BlackElo "2241"]
[WhiteFideId "4116658"]
[BlackFideId "14101734"]
[EventDate "2016.01.30"]

1. d4 Nf6 2. Nf3 e6 3. e3 b6 4. Bd3 Bb7 5. O-O c5 6. c4 Be7 7. Nc3 O-O 8. d5
exd5 9. cxd5 d6 10. e4 Na6 11. Re1 Nc7 12. Bc4 a6 13. a4 Re8 14. h3 Bf8 15. Bg5
h6 16. Bh4 Rc8 17. e5 dxe5 18. Nxe5 Bd6 19. Ng4 Rxe1+ 20. Qxe1 Nce8 21. Rd1 Be7
22. Ne5 Nd6 23. Nc6 Bxc6 24. dxc6 Qc7 25. Bxa6 Nf5 26. Bxf6 Bxf6 27. Qe4 Nd4 28.
Nd5 Qxc6 29. Rxd4 Qa8 30. Nxf6+ gxf6 31. Qxa8 Rxa8 32. Rg4+ 1-0

[Event "Moscow Open A 2016"]
[Site "Moscow RUS"]
[Date "2016.01.30"]
[Round "1.48"]
[White "Shandrygin, Nikita"]
[Black "Usmanov, Vasily"]
[Result "1-0"]
[BlackTitle "IM"]
[WhiteElo "2236"]
[BlackElo "2451"]
[WhiteFideId "24198668"]
[BlackFideId "4135741"]
[EventDate "2016.01.30"]

1. e4 e5 2. Nf3 Nc6 3. Bb5 a6 4. Ba4 Nge7 5. Nc3 d6 6. Bb3 Na5 7. O-O Nxb3 8.
axb3 Nc6 9. h3 Be7 10. d4 O-O 11. dxe5 Nxe5 12. Nxe5 dxe5 13. Be3 Be6 14. Qe2
Bd6 15. Rfd1 Qh4 16. f3 Rad8 17. Qf2 Qxf2+ 18. Kxf2 f5 19. Ke2 f4 20. Bf2 g5 21.
Rd3 Rd7 22. Na4 Rfd8 23. Rad1 Be7 24. Nc5 Rxd3 25. Rxd3 Rxd3 26. Nxd3 Bd6 27.
Bc5 Kf7 28. Bxd6 cxd6 29. Kd2 h5 30. c4 g4 31. h4 Ke7 32. Kc3 Kd7 33. b4 gxf3
34. gxf3 Bh3 35. c5 Bf1 36. cxd6 Kxd6 37. Ne1 Kc6 38. Nc2 Be2 39. Ne1 Kb5 40.
Kd2 Bc4 41. Kc3 Bf1 42. Nc2 Be2 43. Ne1 a5 44. bxa5 Kxa5 45. Kd2 Bf1 46. Kc3 Ka4
47. Nc2 Be2 48. b3+ Kb5 49. Ne1 Kc5 50. Kd2 Bb5 51. Kc3 Bf1 52. Nc2 Be2 53. Ne1
Kb6 54. Kd2 Bf1 55. Kc3 Ka5 56. Nc2 Be2 57. Ne1 b6 58. Kd2 Bf1 59. Kc3 b5 60.
Nc2 Be2 61. Ne1 Bd1 62. Kd2 Bxb3 63. Nd3 Ka4 64. Nxe5 b4 65. Nd3 Ka3 66. Nxf4
Bc4 67. Nd5 b3 68. Nc3 b2 69. Ke3 Ba2 70. Kd4 b1=Q 71. Nxb1+ Bxb1 72. f4 Kb4 73.
f5 Kb5 74. Kd5 Kb6 75. f6 Kc7 76. Ke6 Kd8 77. f7 Ba2+ 78. Kf6 1-0

[Event "Moscow Open A 2016"]
[Site "Moscow RUS"]
[Date "2016.01.30"]
[Round "1.49"]
[White "Kostenko, Petr"]
[Black "Mikheev, Aleksey"]
[Result "1-0"]
[WhiteTitle "GM"]
[WhiteElo "2449"]
[BlackElo "2235"]
[WhiteFideId "13700669"]
[BlackFideId "24177660"]
[EventDate "2016.01.30"]

1. c4 Nf6 2. g3 g6 3. Bg2 Bg7 4. Nc3 O-O 5. e4 d6 6. Nge2 c5 7. d3 Nc6 8. O-O a6
9. Rb1 Rb8 10. a4 Bd7 11. Be3 Ng4 12. Bg5 h6 13. Bc1 Nd4 14. Nxd4 cxd4 15. Ne2
b5 16. axb5 axb5 17. b3 bxc4 18. dxc4 Qb6 19. Nf4 Ne5 20. Nd5 Qd8 21. Ba3 Bc8
22. Kh1 e6 23. Nf4 Qb6 24. Ne2 Ra8 25. Bb2 Nc6 26. f4 Ra2 27. Nc1 Ra7 28. Nd3
Bd7 29. b4 Rb8 30. e5 dxe5 31. b5 e4 32. Bxe4 Na5 33. Ne5 Bxe5 34. fxe5 Qd8 35.
Qd3 Be8 36. Rfc1 Rc7 37. Ba3 Rbc8 38. c5 Nb7 39. c6 Na5 40. Bd6 1-0

[Event "Moscow Open A 2016"]
[Site "Moscow RUS"]
[Date "2016.01.30"]
[Round "1.50"]
[White "Bykov, Oleg"]
[Black "Seliverstov, Vladimir"]
[Result "1/2-1/2"]
[BlackTitle "FM"]
[WhiteElo "2227"]
[BlackElo "2449"]
[WhiteFideId "24198978"]
[BlackFideId "4192036"]
[EventDate "2016.01.30"]

1. d4 Nf6 2. c4 e6 3. Nf3 c5 4. e3 d5 5. Nc3 Nc6 6. dxc5 Bxc5 7. cxd5 exd5 8.
Be2 a6 9. O-O O-O 10. a3 Re8 11. b4 Bb6 12. Bb2 Bg4 13. h3 Bxf3 14. Bxf3 d4 15.
exd4 Bxd4 16. Na4 Ne4 17. Bxd4 Nxd4 18. Re1 Nd2 19. Rxe8+ Qxe8 20. Bxb7 Rd8 21.
Nc5 N2b3 22. Ra2 Nxc5 23. bxc5 Qb5 24. Rd2 Qxc5 25. Kh1 a5 26. Be4 g6 27. Rd3
Rd6 28. a4 Qe5 29. Bb7 h5 30. Rd2 h4 31. Rd3 Qf6 32. Bf3 Qf4 33. Qd2 Qe5 34. Qe3
Qf6 35. Qd2 Qe5 36. Qe3 Qxe3 37. Rxe3 Nxf3 38. gxf3 Rd4 39. Re4 Rxe4 40. fxe4
Kg7 1/2-1/2

[Event "Moscow Open A 2016"]
[Site "Moscow RUS"]
[Date "2016.01.30"]
[Round "1.51"]
[White "Vavulin, Maksim"]
[Black "Okun, Evgeny"]
[Result "1-0"]
[WhiteTitle "IM"]
[WhiteElo "2448"]
[BlackElo "2227"]
[WhiteFideId "4169530"]
[BlackFideId "24131806"]
[EventDate "2016.01.30"]

1. e4 c6 2. d3 d5 3. Nd2 g6 4. Ngf3 Bg7 5. exd5 cxd5 6. d4 Nf6 7. h3 O-O 8. Be2
Nc6 9. O-O b6 10. Re1 Bb7 11. Nf1 Ne4 12. Bf4 e6 13. c3 g5 14. Bh2 f5 15. Bb5
Ne7 16. Ne5 f4 17. Qg4 Rf5 18. Rad1 Bxe5 19. dxe5 Qc7 20. Rxe4 dxe4 21. Rd7 Qc5
22. Rxb7 Qxb5 23. Rxe7 e3 24. fxe3 fxe3 25. Nxe3 Raf8 26. Bf4 Qc5 27. Bxg5 Kh8
28. Bf6+ 1-0

[Event "Moscow Open A 2016"]
[Site "Moscow RUS"]
[Date "2016.01.30"]
[Round "1.52"]
[White "Chemurziev, Ruslan"]
[Black "Tran, Tuan Minh"]
[Result "0-1"]
[BlackTitle "IM"]
[WhiteElo "2224"]
[BlackElo "2447"]
[WhiteFideId "4189094"]
[BlackFideId "12401820"]
[EventDate "2016.01.30"]

1. d4 Nf6 2. c4 e6 3. Nc3 Bb4 4. Qc2 O-O 5. a3 Bxc3+ 6. Qxc3 b6 7. Bg5 Bb7 8. f3
h6 9. Bh4 c5 10. dxc5 bxc5 11. Bxf6 Qxf6 12. Qxf6 gxf6 13. e3 Nc6 14. O-O-O Rfd8
15. Nh3 Kf8 16. Be2 Ke7 17. Nf4 d6 18. Kc2 a5 19. Kc3 a4 20. Nd3 Ba6 21. Nc1
Rab8 22. f4 Na5 23. Rhf1 Rb6 24. Rd2 Nb3 25. Nxb3 Rxb3+ 26. Kc2 Rxe3 27. Rf3
Rxf3 28. Bxf3 Rb8 29. Bc6 Bxc4 30. Bxa4 d5 31. b3 Ba6 32. Rf2 Kd6 33. Rf3 Rg8
34. g3 Rb8 35. g4 Rg8 36. h3 d4 37. Rf2 h5 38. gxh5 Rh8 39. Rg2 Rxh5 40. Rg8 Kd5
41. b4 Rxh3 42. Rd8+ Kc4 43. Bc6 cxb4 44. axb4 Kxb4 45. Rxd4+ Kc5 46. Bg2 Kxd4
47. Bxh3 Ke3 0-1

[Event "Moscow Open A 2016"]
[Site "Moscow RUS"]
[Date "2016.01.30"]
[Round "1.53"]
[White "Dvalishvili, Pavel S."]
[Black "Salemgareev, Tagir"]
[Result "0-1"]
[WhiteTitle "IM"]
[WhiteElo "2445"]
[BlackElo "2223"]
[WhiteFideId "4121996"]
[BlackFideId "24199052"]
[EventDate "2016.01.30"]

1. e4 e5 2. Nf3 Nc6 3. Bb5 g6 4. h4 Bg7 5. h5 d6 6. d4 exd4 7. Nxd4 Bd7 8. Bxc6
bxc6 9. Nc3 Ne7 10. Qd3 Rb8 11. Nb3 c5 12. Qg3 Be6 13. hxg6 hxg6 14. Rxh8+ Bxh8
15. Qh4 Bg7 16. Bh6 Bxh6 17. Qxh6 Nc6 18. O-O-O Qf6 19. f4 c4 20. Nd2 Nb4 21.
Nf3 Nxa2+ 22. Nxa2 Qxb2+ 23. Kd2 Rb3 24. Ke1 Qxc2 25. Qh8+ Ke7 26. Qh4+ Kd7 27.
Qf2 Qxe4+ 28. Kf1 Qxf4 29. Nc1 Rb1 30. Qc2 Bf5 31. Qc3 Qe4 32. Ne5+ Kc8 33. Nxc4
Qc2 34. Nxd6+ Kd7 35. Qd4 Bd3+ 36. Ke1 cxd6 37. Qxd3 Qxd3 38. Nxd3 Rxd1+ 39.
Kxd1 Ke6 40. Kd2 Kd5 41. Nb4+ Ke4 42. Nc6 a6 43. Ke2 d5 0-1

[Event "Moscow Open A 2016"]
[Site "Moscow RUS"]
[Date "2016.01.30"]
[Round "1.54"]
[White "Obgolts, Erik"]
[Black "Ajrapetian, Gevorg"]
[Result "0-1"]
[BlackTitle "IM"]
[WhiteElo "2220"]
[BlackElo "2442"]
[WhiteFideId "24199044"]
[BlackFideId "4174232"]
[EventDate "2016.01.30"]

1. Nf3 c5 2. g3 b6 3. Bg2 Bb7 4. c4 Nf6 5. O-O e6 6. Nc3 Be7 7. d3 O-O 8. e4 d6
9. Re1 a6 10. a3 Nc6 11. Rb1 Nd7 12. b4 Qc7 13. b5 Nd4 14. Nxd4 cxd4 15. bxa6
Bxa6 16. Nb5 Bxb5 17. Rxb5 e5 18. Re2 Nc5 19. Ra2 Ra6 20. Qc2 Rfa8 21. Ra1 Qd8
22. h4 R8a7 23. Rab1 g6 24. Bh3 Bf8 25. Kh2 h5 26. Bg2 Kh7 27. Ra1 Bh6 28. Bb2
Qe8 29. Rb1 Qc6 30. Rf1 Ra5 31. Rxa5 bxa5 32. f4 Qb6 33. f5 Rb7 34. fxg6+ fxg6
35. Bc1 Qb3 36. Qe2 Bxc1 37. Rxc1 Qxd3 38. Qe1 Rb2 39. Qxa5 Qf3 40. Rg1 Nxe4 41.
Kh1 Nxg3+ 42. Kh2 Nf1+ 43. Kh1 Qh3+ 0-1

[Event "Moscow Open A 2016"]
[Site "Moscow RUS"]
[Date "2016.01.30"]
[Round "1.55"]
[White "Moskalenko, Alexander"]
[Black "Hadzimanolis, Antonios"]
[Result "1-0"]
[WhiteTitle "IM"]
[BlackTitle "FM"]
[WhiteElo "2442"]
[BlackElo "2219"]
[WhiteFideId "4155351"]
[BlackFideId "4202813"]
[EventDate "2016.01.30"]

1. Nf3 Nf6 2. g3 c5 3. Bg2 g6 4. O-O Bg7 5. d3 O-O 6. e4 Nc6 7. c3 e5 8. Nbd2 d5
9. a3 a5 10. a4 h6 11. Re1 Be6 12. exd5 Nxd5 13. Nc4 Qc7 14. Nfd2 Rad8 15. Na3
Rfe8 16. Qe2 Qd7 17. Ne4 Qe7 18. Nd2 Qd7 19. Ndc4 f5 20. Nb5 Qe7 21. h4 Rd7 22.
Bd2 Qd8 23. Rad1 Bf7 24. Bc1 g5 25. hxg5 hxg5 26. Qf3 Qf6 27. Nbd6 Rxd6 28. Bxg5
Qxg5 29. Nxd6 Rd8 30. Qxf5 Qxf5 31. Nxf5 Bf8 32. Be4 Nb6 33. Ra1 Bb3 34. Ne3
Bxa4 35. Ra3 c4 36. Nxc4 Nxc4 37. Rxa4 Nxb2 38. Bxc6 bxc6 39. Rg4+ Kf7 40. Rxe5
Nxd3 41. Rxa5 Bc5 42. Kg2 Rd5 43. Ra2 Rf5 44. f4 Be7 45. Ra7 Ke6 46. Rg8 Rf8 47.
Rxf8 Bxf8 48. Kf3 Kd5 49. g4 Kc4 50. g5 Kxc3 51. Rf7 Bc5 52. g6 Bd4 53. g7 Bxg7
54. Rxg7 c5 55. f5 c4 56. Ke4 Kb4 57. Rb7+ Kc5 58. f6 Kd6 59. f7 Nc5+ 60. Kf5 1-0

[Event "Moscow Open A 2016"]
[Site "Moscow RUS"]
[Date "2016.01.30"]
[Round "1.56"]
[White "Tarasov, Oleg"]
[Black "Konovalov, Nikolay"]
[Result "1/2-1/2"]
[BlackTitle "IM"]
[WhiteElo "2219"]
[BlackElo "2438"]
[WhiteFideId "4162870"]
[BlackFideId "4170962"]
[EventDate "2016.01.30"]

1. e4 e5 2. Nf3 Nc6 3. d4 exd4 4. Nxd4 Bc5 5. Nxc6 Qf6 6. Qd2 dxc6 7. Nc3 Qe7 8.
Bd3 Nf6 9. O-O Ng4 10. h3 Ne5 11. Be2 Be6 12. Na4 Bb4 13. Qd4 f6 14. f4 Nd7 15.
a3 Bd6 16. Qf2 O-O 17. Be3 b5 18. Nc3 Nb6 19. Rad1 Nc4 20. Bxc4 Bxc4 21. Rfe1 a5
22. Qf3 Rae8 23. Bf2 b4 24. axb4 axb4 25. Nb1 g5 26. g3 gxf4 27. gxf4 Qg7+ 28.
Kh2 Qh6 29. Bg3 Kh8 30. Rg1 Bf7 31. Rde1 Bh5 32. Qf2 Bg4 33. h4 Qh5 34. Rgf1 Bc5
35. Qg2 f5 36. Nd2 Rg8 37. exf5 Bxf5 38. Qxc6 Re2+ 39. Rxe2 Qxe2+ 40. Rf2 Qe7
41. Rg2 Rg4 42. Qh6 Bd6 43. Qh5 Rxg3 44. Rxg3 Bxf4 45. Qxf5 Qxh4+ 46. Kg2 Qxg3+
47. Kf1 Bd6 48. Ne4 Qf4+ 49. Qxf4 Bxf4 50. c3 bxc3 51. bxc3 c6 52. Nc5 Kg8 53.
Ne6 Be5 54. Nd8 c5 55. Nb7 1/2-1/2

[Event "Moscow Open A 2016"]
[Site "Moscow RUS"]
[Date "2016.01.30"]
[Round "1.57"]
[White "Harutjunyan, Gevorg"]
[Black "Begelman, Boris"]
[Result "1-0"]
[WhiteTitle "GM"]
[WhiteElo "2436"]
[BlackElo "2218"]
[WhiteFideId "13300873"]
[BlackFideId "34136441"]
[EventDate "2016.01.30"]

1. Nf3 Nf6 2. g3 b6 3. Bg2 Bb7 4. c4 e6 5. O-O Be7 6. Nc3 Ne4 7. Qc2 Nxc3 8.
Qxc3 O-O 9. d4 d6 10. Qc2 Qc8 11. e4 Nd7 12. b3 c5 13. Bb2 cxd4 14. Nxd4 a6 15.
Qe2 Re8 16. Rac1 Qc7 17. f4 Bf6 18. Rfd1 Rad8 19. Bf3 g6 20. Ba3 Nf8 21. Nc2 a5
22. Qd3 e5 23. Ne3 exf4 24. Nd5 Bxd5 25. cxd5 Qb7 26. gxf4 b5 27. Rc6 b4 28. Bc1
g5 29. e5 Bg7 30. e6 fxe6 31. dxe6 Nxe6 32. f5 Nf4 33. Bxf4 gxf4 34. Qc4+ Kh8
35. Qxf4 Be5 36. Qh4 Qa7+ 37. Kh1 Qe3 38. Bg2 Rc8 39. Rcxd6 Rc1 40. Rd7 Rxd1+
41. Rxd1 Qc3 42. Qh5 Rf8 43. Qh6 Bg7 44. Qe6 Qc2 45. Rf1 Qxa2 46. f6 Bxf6 47.
Qd6 Rf7 48. Bd5 Qd2 49. Qb8+ Kg7 50. Rg1+ Bg5 51. Qe5+ Kf8 52. Bxf7 1-0

[Event "Moscow Open A 2016"]
[Site "Moscow RUS"]
[Date "2016.01.30"]
[Round "1.58"]
[White "Mkrtchyan, Sargis R."]
[Black "Sarana, Alexey"]
[Result "0-1"]
[WhiteElo "2214"]
[BlackElo "2435"]
[WhiteFideId "13307878"]
[BlackFideId "24133795"]
[EventDate "2016.01.30"]

1. d4 Nf6 2. Nf3 e6 3. c4 d5 4. Nc3 dxc4 5. e4 Bb4 6. Bxc4 Nxe4 7. O-O Nxc3 8.
bxc3 Be7 9. Ne5 O-O 10. Qg4 Nd7 11. Bh6 Bf6 12. Rad1 Kh8 13. Bc1 g6 14. Rfe1 Qe7
15. Rd3 Nb6 16. Bb3 Bd7 17. Rf3 Bc6 18. Rh3 Rad8 19. Bh6 Rg8 20. Qf4 Nd5 21. Qf3
Bxe5 22. dxe5 g5 23. Bxd5 g4 24. Qf6+ Qxf6 25. exf6 gxh3 26. Bg7+ Rxg7 27. fxg7+
Kxg7 28. Bxc6 bxc6 29. gxh3 Rd3 30. Re4 Kf6 31. Rc4 Ke7 32. Rxc6 Kd7 33. Rc4
Rxh3 34. Rd4+ Kc6 35. Rc4+ Kb6 36. Rb4+ Kc5 37. Rb7 Kd6 38. Rb3 Rh5 39. Ra3 a5
40. Kg2 Kc6 41. f4 Kb5 42. Rb3+ Kc4 43. Kg3 Rb5 44. Ra3 Kd3 45. Kg4 Rc5 46. c4+
Kxc4 47. Rh3 h5+ 48. Rxh5 Rxh5 49. Kxh5 Kd3 50. Kg4 c5 51. h4 c4 52. h5 c3 53.
h6 c2 54. h7 c1=Q 55. h8=Q f5+ 0-1

[Event "Moscow Open A 2016"]
[Site "Moscow RUS"]
[Date "2016.01.30"]
[Round "1.59"]
[White "Abdusattorov, Nodirbek"]
[Black "Tugarin, Anton"]
[Result "1-0"]
[WhiteTitle "FM"]
[WhiteElo "2430"]
[BlackElo "2214"]
[WhiteFideId "14204118"]
[BlackFideId "24151246"]
[EventDate "2016.01.30"]

1. e4 e6 2. d4 d5 3. Nd2 Be7 4. Ngf3 Nf6 5. e5 Nfd7 6. Bd3 c5 7. c3 Nc6 8. O-O
g5 9. dxc5 g4 10. Nd4 Ndxe5 11. N2b3 Nxd3 12. Qxd3 e5 13. Nxc6 bxc6 14. Bh6 f6
15. Bg7 e4 16. Qg3 Rg8 17. Bh6 Rg6 18. Bf4 Kf7 19. Rad1 Qe8 20. Rfe1 Ba6 21. Bd6
Rd8 22. Bxe7 Qxe7 23. Nd4 Qd7 24. Nc2 Qe7 25. Ne3 Qe5 26. Rd4 Rd7 27. Rb4 Rb7
28. Rxb7+ Bxb7 29. Nf5 Qxg3 30. fxg3 Ba6 31. Nd4 f5 32. Kf2 Ke7 33. Nxf5+ Ke6
34. Nd4+ Kd7 35. Ke3 Rf6 36. h3 gxh3 37. gxh3 Bf1 38. g4 Bxh3 39. Rh1 Bxg4 40.
Rxh7+ Kc8 41. Rxa7 Bd7 42. c4 dxc4 43. Ra4 c3 44. bxc3 Bf5 45. Ra7 Bg6 46. a4
Rf1 47. Rg7 Be8 48. Kxe4 Re1+ 49. Kd3 Ra1 50. Ra7 Kb8 51. Ra6 Kb7 52. Rb6+ Kc7
53. Rb4 Bg6+ 54. Ke3 Bf7 55. Kd2 Ra2+ 56. Kc1 Bg6 57. Ne6+ Kc8 58. Rg4 Bf5 59.
Rg8+ Kd7 60. Nd4 Be4 61. Rg7+ Kc8 62. Rg4 Bd5 63. Nf5 Bb3 64. Rb4 Bd5 65. Kb1
Re2 66. Nd4 Re3 67. Kb2 Rh3 68. a5 Rh7 69. a6 Ra7 70. Rb6 Bc4 71. Rxc6+ Kd8 72.
Rd6+ Kc8 73. Ka3 Bxa6 74. Kb4 Rb7+ 75. Rb6 Bf1 76. Nb5 Rd7 77. Nd6+ Kc7 78. c4
Bg2 79. Nb5+ Kc8 80. c6 1-0

[Event "Moscow Open A 2016"]
[Site "Moscow RUS"]
[Date "2016.01.30"]
[Round "1.60"]
[White "Kovalev, Egor"]
[Black "Faizrakhmanov, Ramil"]
[Result "1/2-1/2"]
[BlackTitle "FM"]
[WhiteElo "2210"]
[BlackElo "2426"]
[WhiteFideId "24124117"]
[BlackFideId "24103209"]
[EventDate "2016.01.30"]

1. Nf3 Nf6 2. g3 d5 3. Bg2 c6 4. O-O Bf5 5. d4 e6 6. c4 h6 7. Nc3 Be7 8. Qb3 Qb6
9. c5 Qa6 10. Re1 b6 11. cxb6 axb6 12. Ne5 O-O 13. Bf4 Rc8 14. e4 dxe4 15. Nxe4
Nd5 16. Qf3 Ra7 17. Nxf7 Bb4 18. Nfd6 Rf8 19. Bf1 b5 20. Nc5 Qa5 21. Re5 Bxc5
22. Nxf5 Nxf4 23. dxc5 Nd7 24. Re4 exf5 25. Rxf4 Ne5 26. Qb3+ Kh7 27. Bh3 g6 28.
Qe6 Qc7 29. Re1 Nf7 30. Bxf5 gxf5 31. Qxf5+ Kh8 32. Qf6+ Kh7 33. Qf5+ Kh8 34.
Qf6+ Kh7 35. Rfe4 Qd8 36. Qf5+ Kh8 37. Re6 Qg5 38. Qf3 Rxa2 39. Rxc6 Raa8 40. h4
Qg7 41. Qf6 Qxf6 42. Rxf6 Kg7 43. Rb6 Rfb8 44. Ree6 b4 45. Re4 Rc8 46. Rg4+ Kf8
47. Rb5 Ra1+ 48. Kg2 Rc1 49. Rgxb4 R8xc5 50. Rxc5 Rxc5 51. Kf3 Nd6 52. Rf4+ Ke7
53. b4 Rb5 54. Ke2 Rb8 55. g4 Ke6 56. Ke3 h5 57. f3 hxg4 58. fxg4 Ke5 1/2-1/2

[Event "Moscow Open A 2016"]
[Site "Moscow RUS"]
[Date "2016.01.30"]
[Round "1.61"]
[White "Bigaliev, Renat"]
[Black "Selivanov, Ivan"]
[Result "0-1"]
[WhiteTitle "IM"]
[WhiteElo "2422"]
[BlackElo "2210"]
[WhiteFideId "4126289"]
[BlackFideId "24199060"]
[EventDate "2016.01.30"]

1. d4 Nf6 2. Nf3 c5 3. c3 e6 4. Bf4 d5 5. e3 Nc6 6. Nbd2 Bd6 7. Bg3 O-O 8. Bd3
Re8 9. Ne5 Bxe5 10. dxe5 Nd7 11. f4 c4 12. Bc2 Qb6 13. O-O Qxb2 14. e4 Qxc3 15.
exd5 exd5 16. Rf3 Qa5 17. Bh4 Nf8 18. Rg3 Qc5+ 19. Kh1 Nd4 20. Rxg7+ Kxg7 21.
Bf6+ Kg8 22. Qh5 Ng6 23. Rf1 Nxc2 24. Nf3 Qf8 25. Ng5 h6 26. Rf3 Nd4 27. Rg3 Bf5
28. Nf3 Ne2 29. Qxf5 Nxg3+ 30. hxg3 Re6 31. Nd4 Rxf6 32. exf6 Qd6 0-1